[Event "57.C.to Provinciale RM ITA"]
[Site "Roma ITA"]
[Date "1997.10.25"]
[Round "3.12"]
[White "Palombi, Roberto"]
[Black "Fiore, Danilo"]
[Result "1-0"]
[WhiteElo "2055"]
[BlackElo "1600"]
[Annotator "Gabriele Ballarin"]
[PlyCount "49"]
[EventDate "1997.10.23"]
[EventType "swiss"]
[EventRounds "6"]
[EventCountry "ITA"]

1. d4 Nf6 2. Nf3 e6 3. c4 d5 4. Nc3 Nc6 5. Bg5 Be7 6. e3 O-O 7. Be2 Nd7 8. cxd5 exd5 9. Bf4 Nf6 10. O-O Nh5 11. Bg3 Nxg3 12. hxg3 Bf5 13. Qb3 Be6 14. Qxb7 Na5 15. Qa6 Nc4 16. Bxc4 dxc4 17. d5 Bxd5 18. Rad1 c6 19. e4 Rb8 20. exd5 Rxb2 21. dxc6 Qb8 22. Qxc4 Bd6 23. Nd5 Bxg3 24. c7 Bxc7 25. Qxc7 1-0

[Event "57.C.to Provinciale RM ITA"]
[Site "Roma ITA"]
[Date "1997.10.25"]
[Round "3.15"]
[White "Elia, Alessio"]
[Black "Piancatelli, Marco"]
[Result "0-1"]
[WhiteElo "1600"]
[BlackElo "1825"]
[Annotator "Gabriele Ballarin"]
[PlyCount "40"]
[EventDate "1997.10.23"]
[EventType "swiss"]
[EventRounds "6"]
[EventCountry "ITA"]

1. d4 Nf6 2. Nf3 c5 3. e3 g6 4. Bd3 Bg7 5. O-O O-O 6. b3 d5 7. h3 Nc6 8. a3 cxd4 9. exd4 Ne4 10. Bb2 Qb6 11. Be2 Bf5 12. Ne5 Rac8 13. c4 Nxe5 14. dxe5 dxc4 15. Bd4 Qxb3 16. Qxb3 cxb3 17. f3 Ng3 18. Re1 Nxe2+ 19. Rxe2 Rc1+ 20. Kf2 Rxb1 0-1

[Event "57.C.to Provinciale RM ITA"]
[Site "Roma ITA"]
[Date "1997.10.25"]
[Round "3.16"]
[White "Marta, Daniele"]
[Black "Calabrini, Alessandro"]
[Result "1-0"]
[WhiteElo "1816"]
[BlackElo "1400"]
[Annotator "Gabriele Ballarin"]
[PlyCount "59"]
[EventDate "1997.10.23"]
[EventType "swiss"]
[EventRounds "6"]
[EventCountry "ITA"]

1. Nf3 Nc6 2. d4 d5 3. c4 Nf6 4. cxd5 Nxd5 5. e4 Nf6 6. Nc3 Bg4 7. Be3 e6 8. a3 Bxf3 9. gxf3 a6 10. h4 Nh5 11. f4 g6 12. Be2 Ng7 13. d5 exd5 14. Nxd5 Ne6 15. Qc2 Bg7 16. O-O-O Ned4 17. Bxd4 Bxd4 18. Rxd4 Nxd4 19. Qa4+ Nc6 20. Rd1 O-O 21. h5 Qh4 22. hxg6 hxg6 23. e5 Nxe5 24. Qe4 c6 25. Ne3 Rfe8 26. Rh1 Qxf2 27. fxe5 Qxe2 28. Qf4 Qb5 29. Qf6 Qxe5 30. Rh8# 1-0

[Event "57.C.to Provinciale RM ITA"]
[Site "Roma ITA"]
[Date "1997.10.25"]
[Round "3.17"]
[White "Clifford, Roby"]
[Black "Rossi De Gasperis, Pietro"]
[Result "1/2-1/2"]
[WhiteElo "1400"]
[BlackElo "1800"]
[Annotator "Gabriele Ballarin"]
[PlyCount "114"]
[EventDate "1997.10.23"]
[EventType "swiss"]
[EventRounds "6"]
[EventCountry "ITA"]

1. e4 e6 2. d4 c5 3. d5 exd5 4. exd5 d6 5. c4 Nf6 6. Nc3 Be7 7. Bd3 O-O 8. Nf3 Re8 9. O-O Bg4 10. b3 Na6 11. a3 Nc7 12. Bb2 a6 13. h3 Bxf3 14. Qxf3 Rb8 15. Ne4 b5 16. Rab1 bxc4 17. bxc4 Nxe4 18. Bxe4 Bf6 19. Bxf6 Qxf6 20. Qxf6 gxf6 21. Bd3 Na8 22. Rxb8 Rxb8 23. Rb1 Rxb1+ 24. Bxb1 Nb6 25. Bd3 f5 26. f4 Kg7 27. g4 fxg4 28. hxg4 h6 29. Kf2 a5 30. Ke3 Kf6 31. Kf3 Na4 32. Ke3 Nb2 33. Kd2 Nxd3 34. Kxd3 Kg6 35. Ke4 a4 36. Kf3 f5 37. Kg3 fxg4 38. Kxg4 h5+ 39. Kh4 Kf5 40. Kxh5 Kxf4 41. Kg6 Ke4 42. Kf6 Kd4 43. Ke6 Kxc4 44. Kxd6 Kb5 45. Ke7 c4 46. d6 c3 47. d7 c2 48. d8=Q c1=Q 49. Qb8+ Ka6 50. Qa8+ Kb5 51. Qb8+ Ka6 52. Qd6+ Kb7 53. Qb4+ Kc7 54. Qa5+ Kb7 55. Qxa4 Qc7+ 56. Ke6 Qc6+ 57. Qxc6+ Kxc6 1/2-1/2

[Event "57.C.to Provinciale RM ITA"]
[Site "Roma ITA"]
[Date "1997.10.25"]
[Round "3.18"]
[White "Tripoli, Enrico"]
[Black "Papetti, Francesco"]
[Result "1-0"]
[WhiteElo "1600"]
[BlackElo "1780"]
[Annotator "Gabriele Ballarin"]
[PlyCount "75"]
[EventDate "1997.10.23"]
[EventType "swiss"]
[EventRounds "6"]
[EventCountry "ITA"]

1. e4 c6 2. d4 d5 3. Nc3 dxe4 4. Nxe4 Nd7 5. Nf3 Ngf6 6. Neg5 h6 7. Nxf7 Kxf7 8. Bc4+ e6 9. Qe2 Nd5 10. g4 Bd6 11. g5 Bf4 12. Bxf4 Nxf4 13. Qe4 Nd5 14. O-O-O Qc7 15. Bxd5 cxd5 16. Qg4 h5 17. g6+ Ke7 18. Qg5+ Kd6 19. c4 b5 20. Qg3+ Kc6 21. cxb5+ Kb6+ 22. Qxc7+ Kxc7 23. Ng5 Nf6 24. Nf7 Rf8 25. f3 Bd7 26. Kd2 Bxb5 27. Rc1+ Kb6 28. Rhe1 Bd7 29. Ne5 Bb5 30. Nf7 Bd7 31. Ne5 Be8 32. Re3 a5 33. Rb3+ Ka6 34. Nd3 Nd7 35. Rc6+ Ka7 36. Rc7+ Ka6 37. Rcb7 a4 38. R3b5 1-0

[Event "57.C.to Provinciale RM ITA"]
[Site "Roma ITA"]
[Date "1997.10.25"]
[Round "3.19"]
[White "Tersigni, Andrea"]
[Black "D'Amico, Roberto"]
[Result "1-0"]
[WhiteElo "1777"]
[BlackElo "1400"]
[Annotator "Gabriele Ballarin"]
[PlyCount "37"]
[EventDate "1997.10.23"]
[EventType "swiss"]
[EventRounds "6"]
[EventCountry "ITA"]

1. f4 e5 2. fxe5 d6 3. Nf3 Nc6 4. e4 dxe5 5. Bb5 Bd7 6. O-O Bc5+ 7. Kh1 f6 8. Nc3 Nd4 9. Bxd7+ Qxd7 10. Nxe5 fxe5 11. Qh5+ g6 12. Qxe5+ Qe7 13. Qxh8 O-O-O 14. Nd5 Qxe4 15. Ne3 Qh4 16. Qe5 Bd6 17. g3 Qh6 18. Qxd4 Bxg3 19. Qg4+ 1-0

[Event "57.C.to Provinciale RM ITA"]
[Site "Roma ITA"]
[Date "1997.10.25"]
[Round "3.20"]
[White "De Luca, Stefano"]
[Black "Iatrino, Vincenzo"]
[Result "1/2-1/2"]
[WhiteElo "1400"]
[BlackElo "1767"]
[Annotator "Gabriele Ballarin"]
[PlyCount "90"]
[EventDate "1997.10.23"]
[EventType "swiss"]
[EventRounds "6"]
[EventCountry "ITA"]

1. c4 f5 2. Nf3 e6 3. g3 Nf6 4. Bg2 Be7 5. Nc3 O-O 6. O-O d6 7. d4 Qe8 8. Qc2 Nbd7 9. e4 fxe4 10. Nxe4 Nxe4 11. Qxe4 Nf6 12. Qe2 Qh5 13. h3 h6 14. Re1 c6 15. Nh4 Qf7 16. Nf5 exf5 17. Qxe7 Qxe7 18. Rxe7 Re8 19. Rxe8+ Nxe8 20. Bd2 Nf6 21. Re1 Kf7 22. Bb4 Ne8 23. f4 Bd7 24. d5 c5 25. Bc3 b5 26. b3 bxc4 27. bxc4 Rb8 28. Kf2 g5 29. Rc1 Nf6 30. fxg5 hxg5 31. Rc2 Ne4+ 32. Bxe4 fxe4 33. g4 Re8 34. Ke3 Bc8 35. Rf2+ Kg8 36. Rf6 Ba6 37. Rxd6 Bxc4 38. Rg6+ Kf8 39. Rxg5 Bxa2 40. d6 Rd8 41. Rxc5 Rxd6 42. Kxe4 Rh6 43. Ra5 Bb1+ 44. Kf4 Rxh3 45. Bb4+ Kg8 1/2-1/2

[Event "57.C.to Provinciale RM ITA"]
[Site "Roma ITA"]
[Date "1997.10.25"]
[Round "3.21"]
[White "Occhipinti, Massimo"]
[Black "Palmucci, Lorenzo"]
[Result "1-0"]
[WhiteElo "1749"]
[BlackElo "1400"]
[Annotator "Gabriele Ballarin"]
[PlyCount "69"]
[EventDate "1997.10.23"]
[EventType "swiss"]
[EventRounds "6"]
[EventCountry "ITA"]

1. Nf3 d5 2. g3 Nf6 3. Bg2 g6 4. O-O Bg7 5. d3 O-O 6. Nbd2 c5 7. e4 d4 8. h3 Nc6 9. Nh4 Nd7 10. f4 e5 11. f5 Nf6 12. Rf2 Nh5 13. Kh2 Bf6 14. Ndf3 Nxg3 15. Kxg3 g5 16. Nxg5 Bxg5 17. Qg4 f6 18. Bxg5 fxg5 19. Nf3 Rf7 20. h4 h6 21. hxg5 hxg5 22. Rh1 Rg7 23. Rh5 Bd7 24. Bf1 Qe7 25. Rfh2 Rf8 26. Nxg5 Rxg5 27. Rxg5+ Kf7 28. Rh7+ Ke8 29. Rxe7+ Nxe7 30. Qh5+ Kd8 31. Qh6 Rf7 32. Qh8+ Kc7 33. Qxe5+ Kd8 34. f6 Nc6 35. Rg8+ 1-0

[Event "57.C.to Provinciale RM ITA"]
[Site "Roma ITA"]
[Date "1997.10.25"]
[Round "3.22"]
[White "D'Agostini, Rodolfo"]
[Black "Barro, Carlo"]
[Result "0-1"]
[WhiteElo "1200"]
[BlackElo "1747"]
[Annotator "Gabriele Ballarin"]
[PlyCount "44"]
[EventDate "1997.10.23"]
[EventType "swiss"]
[EventRounds "6"]
[EventCountry "ITA"]

1. e4 d6 2. d4 Nf6 3. Bd3 g6 4. h3 Bg7 5. Nf3 O-O 6. O-O Nbd7 7. c3 c5 8. Be3 c4 9. Bc2 Qc7 10. Re1 e5 11. Qd2 b5 12. a3 Bb7 13. Bh6 Nh5 14. Qe3 Rfe8 15. Bxg7 Kxg7 16. Nbd2 Nf4 17. d5 Nc5 18. a4 a6 19. Rab1 Rac8 20. b4 cxb3 21. Nxb3 Nxa4 22. Nc1 Nxc3 0-1

[Event "57.C.to Provinciale RM ITA"]
[Site "Roma ITA"]
[Date "1997.10.25"]
[Round "3.23"]
[White "Gardon, Ermanno"]
[Black "Palermo, Stefano"]
[Result "1-0"]
[WhiteElo "1722"]
[BlackElo "1200"]
[Annotator "Gabriele Ballarin"]
[PlyCount "35"]
[EventDate "1997.10.23"]
[EventType "swiss"]
[EventRounds "6"]
[EventCountry "ITA"]

1. e4 e6 2. d4 d5 3. Nc3 Bb4 4. e5 c5 5. a3 Bxc3+ 6. bxc3 Ne7 7. h4 O-O 8. Qg4 f5 9. Qg3 cxd4 10. cxd4 Nbc6 11. Nf3 Kh8 12. h5 Bd7 13. Bd3 Rc8 14. Nh4 Re8 15. Ng6+ Nxg6 16. hxg6 h6 17. Bxh6 gxh6 18. Qe3 1-0

[Event "57.C.to Provinciale RM ITA"]
[Site "Roma ITA"]
[Date "1997.10.25"]
[Round "3.24"]
[White "Vona, Francesco"]
[Black "Coscia, Alberto"]
[Result "0-1"]
[WhiteElo "1200"]
[BlackElo "1658"]
[Annotator "Gabriele Ballarin"]
[PlyCount "82"]
[EventDate "1997.10.23"]
[EventType "swiss"]
[EventRounds "6"]
[EventCountry "ITA"]

1. e4 e5 2. Nf3 d6 3. Bc4 h6 4. O-O Bg4 5. c3 Nf6 6. Re1 Be7 7. d4 Nbd7 8. Nbd2 O-O 9. h3 Bh5 10. d5 Nh7 11. g4 Bg6 12. Nf1 h5 13. Ng3 hxg4 14. hxg4 Nhf6 15. Nh2 Nh7 16. Kg2 Bg5 17. Nf3 Nc5 18. b4 Nd7 19. Bd3 Bf4 20. Bxf4 exf4 21. Nf5 Ng5 22. Rh1 Bxf5 23. exf5 Qf6 24. Nxg5 Qxg5 25. Rh5 Qf6 26. Qh1 g5 27. Rc1 Qg7 28. Rh6 f3+ 29. Kxf3 f6 30. Kg2 Ne5 31. Bb5 a6 32. Bd7 Qxd7 33. Rh8+ Kf7 34. Rh7+ Ke8 35. Rxd7 Kxd7 36. f3 Rh8 37. Qd1 Rh7 38. Qa4+ b5 39. Qd1 Rah8 40. Qg1 Nd3 41. Rf1 Nf4+ 0-1

[Event "57.C.to Provinciale RM ITA"]
[Site "Roma ITA"]
[Date "1997.10.25"]
[Round "3.25"]
[White "Scagliarini, Valentina"]
[Black "Trifoni, Giorgio"]
[Result "1-0"]
[WhiteElo "1642"]
[BlackElo "1200"]
[Annotator "Gabriele Ballarin"]
[PlyCount "58"]
[EventDate "1997.10.23"]
[EventType "swiss"]
[EventRounds "6"]
[EventCountry "ITA"]

1. e4 e5 2. Nf3 Nc6 3. Bb5 Nge7 4. O-O d6 5. h3 Be6 6. d4 exd4 7. Nxd4 Bd7 8. Nc3 a6 9. Nxc6 Bxc6 10. Bc4 b5 11. Bd5 Rb8 12. Re1 b4 13. Bxc6+ Nxc6 14. Nd5 g6 15. c3 a5 16. Qa4 Kd7 17. f4 Bg7 18. Bd2 bxc3 19. Bxc3 Bxc3 20. bxc3 g5 21. fxg5 Qxg5 22. Rf1 Qg6 23. Nf6+ Ke7 24. Qxc6 Rhc8 25. Rad1 Rd8 26. Qxc7+ Kf8 27. Nd7+ Kg7 28. Nxb8 Re8 29. Rxd6 Qg3 1-0

[Event "57.C.to Provinciale RM ITA"]
[Site "Roma ITA"]
[Date "1997.10.25"]
[Round "3.29"]
[White "Patarca, Piero"]
[Black "Procaccini, Luciano"]
[Result "1/2-1/2"]
[WhiteElo "1200"]
[BlackElo "1400"]
[Annotator "Gabriele Ballarin"]
[PlyCount "131"]
[EventDate "1997.10.23"]
[EventType "swiss"]
[EventRounds "6"]
[EventCountry "ITA"]

1. e4 d6 2. d4 Nf6 3. Nc3 g6 4. e5 dxe5 5. dxe5 Nfd7 6. f4 e6 7. Nf3 c6 8. Be3 Bb4 9. a3 Ba5 10. b4 Bb6 11. Qd3 Bxe3 12. Qxe3 a5 13. b5 a4 14. Ne4 Qa5+ 15. Kf2 O-O 16. Nf6+ Nxf6 17. exf6 Nd7 18. Qd4 cxb5 19. Rb1 Qa7 20. Qxa7 Rxa7 21. Bxb5 Nxf6 22. Rb4 Bd7 23. Bxd7 Nxd7 24. Rhb1 b6 25. Nd4 Rc8 26. R1b2 Rc5 27. Nb5 Ra8 28. Nd6 Rc7 29. Nb5 Rc5 30. c4 e5 31. Rd2 Nf6 32. Nd6 exf4 33. Rxb6 Ng4+ 34. Kg1 Ne5 35. Rd5 Nxc4 36. Rxc5 Nxb6 37. Rc7 Nd5 38. Rc5 Ne7 39. Ne4 Nc8 40. Rc4 Nb6 41. Rd4 Kg7 42. Nd6 g5 43. Ne4 h6 44. Nd6 Kg6 45. Nb5 f6 46. Nc3 Ra5 47. Rb4 Nd5 48. Nxd5 Rxd5 49. Rxa4 Rd3 50. Ra8 f3 51. gxf3 Rxf3 52. a4 f5 53. a5 f4 54. a6 Ra3 55. a7 Kh5 56. Kg2 Kg4 57. Rh8 Rxa7 58. Rxh6 Ra2+ 59. Kg1 f3 60. Rf6 Ra3 61. Kf2 Ra2+ 62. Kg1 Ra4 63. Kf2 Rf4 64. h3+ Kxh3 65. Rxf4 gxf4 66. Kxf3 1/2-1/2

[Event "57.C.to Provinciale RM ITA"]
[Site "Roma ITA"]
[Date "1997.10.25"]
[Round "3.30"]
[White "Placchetta, Omero"]
[Black "Pomponi, Claudio"]
[Result "0-1"]
[WhiteElo "1477"]
[BlackElo "1200"]
[Annotator "Gabriele Ballarin"]
[PlyCount "98"]
[EventDate "1997.10.23"]
[EventType "swiss"]
[EventRounds "6"]
[EventCountry "ITA"]

1. e4 e6 2. d4 d5 3. Nc3 Bb4 4. e5 c5 5. a3 Bxc3+ 6. bxc3 Ne7 7. Nf3 Nbc6 8. c4 dxc4 9. Bxc4 cxd4 10. O-O O-O 11. Bb2 Nf5 12. Bd3 Nce7 13. Be4 Bd7 14. Bxd4 Nxd4 15. Qxd4 Bc6 16. Bxh7+ Kxh7 17. Ng5+ Kg8 18. Qh4 Be4 19. Qxe4 Nf5 20. Nf3 Qc7 21. g4 Ne7 22. Rab1 b6 23. Rb3 Rfd8 24. c4 Rac8 25. Rc3 Ng6 26. h4 Rd5 27. Rfc1 Rc5 28. h5 Nf8 29. Ng5 Rxe5 30. Qh1 Rxg5 31. Rg3 Qf4 32. Rcc3 Rxg4 33. Qg2 Rxg3 34. Rxg3 Qd4 35. h6 Qd1+ 36. Kh2 g6 37. h7+ Kh8 38. Qe4 Rc5 39. Rh3 Qd6+ 40. Rg3 Kxh7 41. Kg2 Qc6 42. Qf3 Qxf3+ 43. Rxf3 Rxc4 44. Rxf7+ Kg8 45. Rxa7 b5 46. Ra5 Rc5 47. a4 Kg7 48. axb5 Kf6 49. Ra8 Nd7 0-1

[Event "57.C.to Provinciale RM ITA"]
[Site "Roma ITA"]
[Date "1997.10.25"]
[Round "3.31"]
[White "Quattrone, Luca"]
[Black "Zarfati, Daniele"]
[Result "1/2-1/2"]
[WhiteElo "1200"]
[BlackElo "1400"]
[Annotator "Gabriele Ballarin"]
[PlyCount "86"]
[EventDate "1997.10.23"]
[EventType "swiss"]
[EventRounds "6"]
[EventCountry "ITA"]

1. d4 Nf6 2. Nf3 e6 3. c4 b6 4. Bg5 Be7 5. Nc3 Bb7 6. e3 O-O 7. Bd3 Na6 8. a3 c5 9. O-O Rc8 10. Bxf6 Bxf6 11. Ne4 Be7 12. Qc2 g6 13. Ned2 d5 14. Qa4 Qe8 15. Qxe8 Rfxe8 16. cxd5 exd5 17. Bb5 Red8 18. dxc5 Nxc5 19. b4 Ne4 20. Rac1 Bf6 21. Rxc8 Rxc8 22. Nxe4 dxe4 23. Nd2 Rc2 24. Nc4 Bd5 25. Nd6 Be5 26. Rd1 Bc6 27. Bxc6 Bxd6 28. Bxe4 Rc4 29. Bd5 Rc7 30. Bb3 Be5 31. g3 Bb2 32. a4 Rc1 33. Rxc1 Bxc1 34. b5 Kg7 35. e4 g5 36. Bd1 f6 37. Kg2 h6 38. Bc2 Bd2 39. g4 Bf4 40. Kf3 Bxh2 41. Ke3 Bg1 42. Bb1 Kf7 43. Ba2+ Kg7 1/2-1/2

[Event "57.C.to Provinciale RM ITA"]
[Site "Roma ITA"]
[Date "1997.10.25"]
[Round "3.32"]
[White "Reibaldi, Michele"]
[Black "Sargenti, Marco"]
[Result "1-0"]
[WhiteElo "1400"]
[BlackElo "1200"]
[Annotator "Gabriele Ballarin"]
[PlyCount "117"]
[EventDate "1997.10.23"]
[EventType "swiss"]
[EventRounds "6"]
[EventCountry "ITA"]

1. g4 e5 2. Bg2 d6 3. d3 c6 4. h3 Be7 5. c4 Bh4 6. Nf3 h6 7. Nxh4 Qxh4 8. Nd2 Qd8 9. Nf3 a6 10. Qb3 b5 11. cxb5 Qa5+ 12. Bd2 Qxb5 13. Qxb5 axb5 14. Bc3 f6 15. b4 Ne7 16. O-O O-O 17. Nh2 Be6 18. a3 Ng6 19. d4 Nf4 20. Rfe1 Nxg2 21. Kxg2 Rd8 22. Kg3 g5 23. h4 Ra7 24. hxg5 hxg5 25. Nf3 Rh7 26. a4 e4 27. Nd2 f5 28. gxf5 Bxf5 29. f3 Rh3+ 30. Kg2 d5 31. Rh1 g4 32. Rxh3 gxh3+ 33. Kh2 Kh7 34. Rg1 Rg8 35. Rxg8 Kxg8 36. a5 Kf7 37. Nb3 Kg6 38. Nc5 Nd7 39. a6 Nb6 40. fxe4 dxe4 41. e3 Kg5 42. Kg3 h2 43. Kxh2 Kg4 44. Kg2 Kg5 45. a7 Kg4 46. Na6 Bc8 47. Nc7 Bb7 48. Ne6 Kf5 49. Nc5 Nc8 50. Nxb7 Nxa7 51. Kg3 Nc8 52. Be1 Ne7 53. Na5 Nd5 54. Kf2 Nb6 55. Nxc6 Ke6 56. Na7 Kd5 57. Nxb5 Nd7 58. Nc3+ Kc4 59. Nxe4 1-0

[Event "57.C.to Provinciale RM ITA"]
[Site "Roma ITA"]
[Date "1997.10.25"]
[Round "4.16"]
[White "Iatrino, Vincenzo"]
[Black "Tripoli, Enrico"]
[Result "1-0"]
[WhiteElo "1767"]
[BlackElo "1600"]
[Annotator "Gabriele Ballarin"]
[PlyCount "103"]
[EventDate "1997.10.23"]
[EventType "swiss"]
[EventRounds "6"]
[EventCountry "ITA"]

1. e4 e5 2. Nf3 Nc6 3. d4 exd4 4. Bc4 Bc5 5. c3 Nge7 6. b4 Bb6 7. a4 a6 8. Qb3 O-O 9. Bb2 d3 10. Bxd3 d5 11. Nbd2 Be6 12. Qc2 Ng6 13. exd5 Bxd5 14. O-O Be6 15. c4 f5 16. c5 Ba7 17. b5 Nce7 18. Qc3 Rf7 19. Ng5 Nd5 20. Nxf7 Nxc3 21. Nxd8 Rxd8 22. Bc4 Ne2+ 23. Kh1 Rxd2 24. Bxe6+ Kf8 25. Ba3 c6 26. Bxf5 Ne7 27. Bg4 Nf4 28. Bc1 Rd4 29. Be3 Rc4 30. bxa6 bxa6 31. Rfc1 Rb4 32. Rab1 Rxa4 33. Rb7 Nd3 34. Bd1 Ra3 35. Rc2 Ra1 36. Rd2 Nxc5 37. Rd8+ Kf7 38. Rxa7 Ne4 39. g3 Nc3 40. Bc5 Nxd1 41. Rxe7+ Kg6 42. Rd6+ Kf5 43. Re1 Rc1 44. Be3 Nxf2+ 45. Bxf2 Rc2 46. Kg1 a5 47. Ra1 Ke5 48. Rd7 c5 49. Rxa5 Rc1+ 50. Kg2 Ke6 51. Rxg7 c4 52. Rxh7 1-0

[Event "57.C.to Provinciale RM ITA"]
[Site "Roma ITA"]
[Date "1997.10.25"]
[Round "4.17"]
[White "Rossi De Gasperis, Pietro"]
[Black "De Luca, Stefano"]
[Result "1/2-1/2"]
[WhiteElo "1800"]
[BlackElo "1400"]
[Annotator "Gabriele Ballarin"]
[PlyCount "72"]
[EventDate "1997.10.23"]
[EventType "swiss"]
[EventRounds "6"]
[EventCountry "ITA"]

1. e4 Nf6 2. e5 Nd5 3. c4 Nb6 4. c5 Nd5 5. Bc4 e6 6. d4 d6 7. cxd6 cxd6 8. Nf3 Nc6 9. O-O dxe5 10. dxe5 Be7 11. Qe2 Nb6 12. Bb5 Bd7 13. Rd1 Qc7 14. Nc3 O-O 15. Bf4 a6 16. Bxc6 Bxc6 17. Rac1 Rfd8 18. Nd4 Rab8 19. a3 Nd7 20. b4 Nf8 21. Qe3 Ng6 22. b5 axb5 23. Ncxb5 Qa5 24. Nd6 Bxd6 25. Nxc6 bxc6 26. exd6 Nxf4 27. Qxf4 Qxa3 28. Rxc6 Qa8 29. Rc7 Rf8 30. h4 Rbd8 31. Rb1 Qa5 32. Rbb7 Qf5 33. Qb4 Qf6 34. Re7 Qa1+ 35. Kh2 Qe5+ 36. g3 Rxd6 1/2-1/2

[Event "57.C.to Provinciale RM ITA"]
[Site "Roma ITA"]
[Date "1997.10.25"]
[Round "4.18"]
[White "Bonaposta, Fabrizio"]
[Black "Clifford, Roby"]
[Result "1-0"]
[WhiteElo "1200"]
[BlackElo "1400"]
[Annotator "Gabriele Ballarin"]
[PlyCount "54"]
[EventDate "1997.10.23"]
[EventType "swiss"]
[EventRounds "6"]
[EventCountry "ITA"]

1. e4 e6 2. d3 d5 3. Nd2 c5 4. g3 Nc6 5. Ngf3 Nf6 6. Bg2 Be7 7. O-O O-O 8. Re1 b5 9. c3 c4 10. dxc4 dxc4 11. e5 Nd5 12. a4 bxa4 13. Qxa4 Bd7 14. Qxc4 Rc8 15. Qe2 Qc7 16. Nb3 Rfd8 17. Nbd4 Rb8 18. Nxc6 Bxc6 19. Nd4 Ba8 20. Qh5 Nxc3 21. bxc3 Qxc3 22. Be3 Bxg2 23. Kxg2 Rxd4 24. Rac1 Qb2 25. Rb1 Qxb1 26. Rxb1 Rxb1 27. Bxd4 a5 1-0

[Event "57.C.to Provinciale RM ITA"]
[Site "Roma ITA"]
[Date "1997.10.25"]
[Round "4.20"]
[White "Palmucci, Lorenzo"]
[Black "Vannelli, Vittorio"]
[Result "0-1"]
[WhiteElo "1400"]
[BlackElo "1636"]
[Annotator "Gabriele Ballarin"]
[PlyCount "130"]
[EventDate "1997.10.23"]
[EventType "swiss"]
[EventRounds "6"]
[EventCountry "ITA"]

1. e4 c5 2. c3 Nf6 3. e5 Nd5 4. d4 Nc6 5. Nf3 cxd4 6. cxd4 d6 7. exd6 Qxd6 8. Nc3 Nxc3 9. bxc3 g6 10. Bb5 Bg7 11. O-O O-O 12. Bg5 a6 13. Be2 h6 14. Bh4 Be6 15. Qd2 Rfd8 16. Rab1 Qd7 17. Rfd1 g5 18. Bg3 f5 19. h4 f4 20. Bh2 Bf5 21. Bd3 e5 22. Qc2 Bxd3 23. Qxd3 g4 24. Ne1 Qf7 25. d5 Rd7 26. c4 Nd4 27. Nc2 Nf5 28. a4 Nxh4 29. d6 Rc8 30. Na3 Nf5 31. Qd5 Qxd5 32. Rxd5 g3 33. fxg3 fxg3 34. c5 gxh2+ 35. Kxh2 Ne3 36. Rd3 Ng4+ 37. Kg3 Nf6 38. Rc1 Ne4+ 39. Kh2 Rxc5 40. Rb1 Rxd6 41. Re3 Nd2 42. Rd1 e4 43. Nb1 Rh5+ 44. Kg3 Rg6+ 45. Kf2 Nxb1 46. Rxb1 Bd4 47. Ke2 Rxg2+ 48. Kf1 Bxe3 49. Kxg2 b6 50. Re1 Rg5+ 51. Kh3 Bc5 52. Rxe4 Kf7 53. Re2 Kf6 54. Re8 Re5 55. Rh8 Be3 56. Kg4 Bg5 57. Rf8+ Ke7 58. Ra8 a5 59. Rb8 Re6 60. Kf5 Rc6 61. Ke5 Kd7 62. Kd5 Kc7 63. Rh8 Rd6+ 64. Kc4 Be3 65. Kb5 Rd5+ 0-1

[Event "57.C.to Provinciale RM ITA"]
[Site "Roma ITA"]
[Date "1997.10.25"]
[Round "4.21"]
[White "Papetti, Francesco"]
[Black "Reibaldi, Michele"]
[Result "1-0"]
[WhiteElo "1780"]
[BlackElo "1400"]
[Annotator "Gabriele Ballarin"]
[PlyCount "77"]
[EventDate "1997.10.23"]
[EventType "swiss"]
[EventRounds "6"]
[EventCountry "ITA"]

1. d4 b5 2. e4 Bb7 3. Nd2 Nf6 4. f3 a6 5. c4 bxc4 6. Bxc4 e6 7. Ne2 c5 8. Nb3 cxd4 9. Nexd4 Nxe4 10. fxe4 Qh4+ 11. Kf1 Qxe4 12. Qf3 Bb4 13. Qxe4 Bxe4 14. Bd2 Bxd2 15. Nxd2 d5 16. Nxe4 dxc4 17. Nd6+ Ke7 18. Nxc4 Rd8 19. Rd1 Ra7 20. Rd2 f6 21. Ke2 e5 22. Nf5+ Ke8 23. Rxd8+ Kxd8 24. Rd1+ Rd7 25. Rxd7+ Kxd7 26. Nxg7 Nc6 27. Nb6+ Ke7 28. Nf5+ Ke6 29. g4 Nd4+ 30. Nxd4+ exd4 31. Nc4 Kd5 32. Kd3 Kc5 33. a3 h6 34. b3 Kd5 35. h4 Kc5 36. Ke4 d3 37. Kxd3 Kd5 38. Ke3 Kc5 39. Ke4 1-0

[Event "57.C.to Provinciale RM ITA"]
[Site "Roma ITA"]
[Date "1997.10.25"]
[Round "4.22"]
[White "D'Amico, Roberto"]
[Black "D'Agostini, Rodolfo"]
[Result "0-1"]
[WhiteElo "1400"]
[BlackElo "1200"]
[Annotator "Gabriele Ballarin"]
[PlyCount "84"]
[EventDate "1997.10.23"]
[EventType "swiss"]
[EventRounds "6"]
[EventCountry "ITA"]

1. e4 e6 2. d4 d5 3. e5 c5 4. c3 Qb6 5. a3 cxd4 6. cxd4 Ne7 7. b4 Ng6 8. Nc3 Bd7 9. Be3 Qc7 10. Rc1 Qd8 11. Nf3 a6 12. Bd3 Be7 13. O-O O-O 14. Qd2 Nc6 15. Na4 Nxd4 16. Nxd4 Bxa4 17. Rc3 Nxe5 18. Bc2 Bxc2 19. Qxc2 Nc4 20. Bf4 Bf6 21. Rh3 g6 22. Nf3 Rc8 23. Qd3 e5 24. Bxe5 Nxe5 25. Nxe5 Bxe5 26. Qe3 Re8 27. Qh6 Qf6 28. Qxh7+ Kf8 29. Rf3 Qg7 30. Qh4 Qh8 31. Qxh8+ Bxh8 32. g3 d4 33. Rd1 Rc3 34. Rdd3 Rxd3 35. Rxd3 Rc8 36. Kf1 Rc3 37. Ke2 b5 38. f3 Rc2+ 39. Rd2 Rxd2+ 40. Kxd2 Ke7 41. h3 Kd6 42. h4 Kd5 0-1

[Event "57.C.to Provinciale RM ITA"]
[Site "Roma ITA"]
[Date "1997.10.25"]
[Round "4.23"]
[White "Abuhamdieh, Arafat"]
[Black "Nuti, Raoul"]
[Result "1-0"]
[WhiteElo "1294"]
[BlackElo "1200"]
[Annotator "Gabriele Ballarin"]
[PlyCount "75"]
[EventDate "1997.10.23"]
[EventType "swiss"]
[EventRounds "6"]
[EventCountry "ITA"]

1. e4 c5 2. Nf3 d6 3. d4 cxd4 4. Nxd4 Nf6 5. Nc3 a6 6. Be2 e6 7. O-O Nc6 8. Kh1 Be7 9. f4 O-O 10. Bf3 Qb6 11. Nde2 Bd7 12. Rb1 Rac8 13. Qd3 Nb4 14. Qd1 a5 15. a3 Na6 16. e5 Ne8 17. b3 Bc6 18. Ne4 Qc7 19. Bb2 Bxe4 20. Bxe4 d5 21. Bd3 Nc5 22. Bb5 g6 23. Nd4 Ng7 24. Rc1 Qb6 25. a4 Ne4 26. c4 Bc5 27. g4 Rfd8 28. Qd3 Bxd4 29. Bxd4 Nc5 30. Qe3 dxc4 31. Rxc4 Rd5 32. Rfc1 Rcd8 33. Bxc5 Rd1+ 34. Rxd1 Rxd1+ 35. Kg2 Qc7 36. Bd6 Qd8 37. Qe2 Rb1 38. Qc2 1-0

[Event "57.C.to Provinciale RM ITA"]
[Site "Roma ITA"]
[Date "1997.10.25"]
[Round "4.24"]
[White "Palermo, Stefano"]
[Black "Celletti, Luca"]
[Result "1-0"]
[WhiteElo "1200"]
[BlackElo "1600"]
[Annotator "Gabriele Ballarin"]
[PlyCount "83"]
[EventDate "1997.10.23"]
[EventType "swiss"]
[EventRounds "6"]
[EventCountry "ITA"]

1. f4 d5 2. Nf3 Nf6 3. e3 Bg4 4. d4 Nbd7 5. Bd3 e6 6. O-O Ne4 7. Bd2 g6 8. Be1 Bg7 9. Nbd2 f5 10. Bh4 Bxf3 11. Nxf3 Bf6 12. Bxf6 Qxf6 13. Bxe4 dxe4 14. Ne5 O-O-O 15. Qe2 Nxe5 16. dxe5 Qe7 17. Qc4 h6 18. Rad1 g5 19. g3 g4 20. c3 Rd7 21. Rd4 Rhd8 22. b4 Rd5 23. Rfd1 h5 24. Rxd5 exd5 25. Rxd5 Rh8 26. e6 c6 27. b5 Qa3 28. Rd1 Rd8 29. Rxd8+ Kxd8 30. Qd4+ Kc7 31. b6+ axb6 32. Qd7+ Kb8 33. e7 Qc1+ 34. Kf2 Qc2+ 35. Kf1 Qb1+ 36. Ke2 Qxa2+ 37. Qd2 Qa6+ 38. Kf2 Qa1 39. e8=Q+ Ka7 40. Qe6 Qh1 41. Qea2+ Kb8 42. Qd8# 1-0